000 00811nam a22002297a 4500
003 BUBTL
008 191007b xxu||||| |||| 00| 0 eng d
020 _a9780073380674
041 _aeng
082 _a621.317/ H2511p/ 2011
100 _92412
_aHart, Daniel W.
245 _aPower Electronics /
_cDaniel W. Hart
250 _a1st ed
260 _aNew Delhi:
_bMcGraw Hill Education (India) Private Limited,
_cc2011.
300 _axiii, 477 p. :
_c24 cm.
500 _aIncludes Index
505 _aPower Electronics, Daniel W. Hart, Electronics, Power Computations, Half -Wave Rectifiers, Full -Wave Rectifiers, DC-DC Converts
650 0 _94295
_aElectrical and Electronic Engineering
856 _k0
_l0
_yDownload
942 _2ddc
_cBK
999 _c6111
_d6111